LEADER 00985nam0-2200325---450- 001 990009584740403321 005 20120604090712.0 010 $a978-88-420-8530-0 035 $a000958474 035 $aFED01000958474 035 $a(Aleph)000958474FED01 035 $a000958474 100 $a20120604d2008----km-y0itay50------ba 101 0 $aita 102 $aIT 105 $aa-------001yy 200 1 $aDal Pci al socialismo europeo$eun'autobiografia politica$fGiorgio Napolitano 210 $aRoma ; Bari$cLaterza$d2008 215 $aXVI, 346 p.$c[8] c. di tav. : ill.$d21 cm 225 1 $aEconomica Laterza$v458 610 0 $aNapolitano, Giorgio$aAutobiografia 676 $a324.245075092$v22$zita 700 1$aNapolitano,$bGiorgio$f<1925- >$0120314 801 0$aIT$bUNINA$gREICAT$2UNIMARC 901 $aBK 912 $a990009584740403321 952 $aCollez. 1623 (458)$b49135$fFSPBC 959 $aFSPBC 996 $aDal Pci al socialismo europeo$9845704 997 $aUNINA LEADER 03066nam 2200709 a 450 001 9910138853603321 005 20200520144314.0 010 $a1-118-56219-4 010 $a1-118-60087-8 010 $a1-118-60144-0 010 $a1-299-18747-1 035 $a(CKB)2550000001005884 035 $a(EBL)1124655 035 $a(OCoLC)828299262 035 $a(SSID)ssj0000831889 035 $a(PQKBManifestationID)11421091 035 $a(PQKBTitleCode)TC0000831889 035 $a(PQKBWorkID)10881456 035 $a(PQKB)11254709 035 $a(OCoLC)828424597 035 $a(MiAaPQ)EBC1124655 035 $a(Au-PeEL)EBL1124655 035 $a(CaPaEBR)ebr10660552 035 $a(CaONFJC)MIL449997 035 $a(PPN)232912297 035 $a(EXLCZ)992550000001005884 100 $a20120118d2012 uy 0 101 0 $aeng 135 $aur|n|---||||| 181 $ctxt 182 $cc 183 $acr 200 10$aDamage mechanics in metal forming$b[electronic resource] $eadvanced modeling and numerical simulation /$fKhemais Saanouni ; series editor Pierre Devalan 210 $aLondon $cISTE Ltd ;$aHoboken, N.J. $cJohn Wiley & Sons$d2012 215 $a1 online resource (545 p.) 225 1 $aISTE 300 $aDescription based upon print version of record. 311 $a1-84821-348-4 320 $aIncludes bibliographical references and index. 327 $aElements of continuum mechanics and thermodynamics -- Modeling of the thermomechanical behavior with ductile damage of metals -- Numerical methods for solving metal forming problems -- Applying metal forming processes to numerical -- Simulation. 330 $a The aim of this book is to summarize the current most effective methods for modeling, simulating, and optimizing metal forming processes, and to present the main features of new, innovative methods currently being developed which will no doubt be the industrial tools of tomorrow. It discusses damage (or defect) prediction in virtual metal forming, using advanced multiphysical and multiscale fully coupled constitutive equations. Theoretical formulation, numerical aspects as well as application to various sheet and bulk metal forming are presented in detail.Virtual metal forming is nowa 410 0$aISTE 606 $aMetals$xPlastic properties 606 $aMetal-work$xMathematical models 606 $aMetal-work$xQuality control 606 $aDeformations (Mechanics)$xMathematical models 606 $aBoundary value problems 615 0$aMetals$xPlastic properties. 615 0$aMetal-work$xMathematical models. 615 0$aMetal-work$xQuality control. 615 0$aDeformations (Mechanics)$xMathematical models. 615 0$aBoundary value problems. 676 $a620.1/6 700 $aSaanouni$b Khe?mais$f1955-$0949127 701 $aDevalan$b Pierre$0949128 801 0$bMiAaPQ 801 1$bMiAaPQ 801 2$bMiAaPQ 906 $aBOOK 912 $a9910138853603321 996 $aDamage mechanics in metal forming$92145315 997 $aUNINA LEADER 01328nam a2200289 i 4500 001 991001725779707536 008 060628s2005 nyua b 001 0 eng d 020 $a0393327795 035 $ab13417708-39ule_inst 040 $aDi.S.Te.B.A.$beng 082 0 $a576.8$222 084 $aLC QH453.C37 2005 100 1 $aCarroll, Sean B.$0505789 245 10$aEndless forms most beautiful :$bthe new science of evo devo and the making of the animal kingdom /$cSean B. Carroll ; with illustrations by Jamie W. Carroll, Josh P. Klaiss, Leanne M. Olds 260 $aNew York :$bNorton,$cc2005 300 $axi, 350 p. :$bill. (some col.) ;$c25 cm 504 $aIncludes bibliographical references (p. 307-328) and index 650 0$aDevelopmental genetics$vPopular works 650 0$aEvolutionary genetics$vPopular works 767 0 $tInfinite forme bellissime : la nuova scienza dell'Evo-Devo 856 41$3Table of contents$uhttp://www.loc.gov/catdir/toc/ecip055/2004029388.html$zTable of Contents 907 $a.b13417708$b12-10-12$c28-06-06 912 $a991001725779707536 945 $aLE003 576.8 CAR01.01 (2005)$g1$i2003000092042$lle003$op$pE13.29$q-$rl$s- $t0$u0$v0$w0$x0$y.i14283256$z30-08-06 996 $aEndless forms most beautiful$91091912 997 $aUNISALENTO 998 $ale003$b28-06-06$cm$da $e-$feng$gnyu$h0$i0